003050000a22001330004500060000800000082001900008100001800027245005400045250000600099260002800105260000900133300000800142650002100150 a100 a582.130 12 HUT aHutchinson, J aFamilies of flowering plants. Vol. 1 Dicotyledons a2 aLondon, Clarendon Press c1959 a508 aflowering plants